[Event "RUS-chT2"]
[Site "Sochi"]
[Date "2025.04.29"]
[Round "4.3"]
[White "Yusupkhodzhaev, Vladimir"]
[Black "Zakhartsov, Vladimir"]
[Result "1/2-1/2"]
[WhiteElo "2244"]
[BlackElo "2457"]
[PlyCount "77"]
[EventDate "2025.04.26"]
[EventType "team-swiss"]
[EventRounds "9"]
[EventCountry "RUS"]
[SourceTitle "CB19_2025"]
[SourceDate "2025.05.07"]
[SourceVersion "1"]
[SourceVersionDate "2025.05.07"]
[SourceQuality "1"]
[WhiteTeam "Altay Region"]
[BlackTeam "Moscow Tauer"]
[WhiteTeamCountry "RUS"]
[BlackTeamCountry "RUS"]

1. e4 c5 2. Nf3 d6 3. d4 cxd4 4. Nxd4 Nf6 5. Nc3 a6 6. Be3 e6 7. a3 b5 8. g4 Bb7 9. Bg2 Nfd7 10. g5 Nc6 11. f4 Nxd4 12. Qxd4 e5 13. Qd2 exf4 14. Bxf4 Be7 15. 0-0-0 Ne5 16. h4 0-0 17. Bh3 Qb6 18. Nd5 Bxd5 19. exd5 a5 20. Bxe5 dxe5 21. d6 Rfd8 22. d7 b4 23. a4 b3 24. Kb1 Bc5 25. cxb3 Qxb3 26. Qd5 Rab8 27. Qxb3 Rxb3 28. Kc2 Re3 29. Rde1 Kf8 30. Rxe3 Bxe3 31. Kd3 Bf4 32. b4 axb4 33. Rb1 h6 34. gxh6 g6 35. h5 f5 36. hxg6 Rxd7+ 37. Kc4 Bxh6 38. Bxf5 Rd4+ 39. Kb3 1/2-1/2

[Event "RUS-ch U20"]
[Site "Barnaul"]
[Date "2025.03.23"]
[Round "2"]
[White "Timoshin, Maxim"]
[Black "Yusupkhodzhaev, Vladimir"]
[Result "0-1"]
[WhiteElo "2381"]
[BlackElo "2246"]
[PlyCount "96"]
[EventDate "2025.03.22"]
[EventType "tourn"]
[EventRounds "9"]
[EventCountry "RUS"]
[EventCategory "6"]
[SourceTitle "CB14_2025"]
[SourceDate "2024.11.01"]
[SourceVersion "1"]
[SourceVersionDate "2024.11.01"]
[SourceQuality "1"]

1. e4 c5 2. Nf3 d6 3. d4 cxd4 4. Qxd4 Nc6 5. Bb5 Bd7 6. Qd3 Nf6 7. c4 g6 8. Nc3 Bg7 9. h3 0-0 10. 0-0 a6 11. Bxc6 Bxc6 12. Nd4 Nd7 13. Be3 Rc8 14. Rac1 Nc5 15. Qb1 Ne6 16. Nxe6 fxe6 17. b4 b5 18. c5 d5 19. e5 Bxe5 20. Ne2 Bg7 21. Nd4 Qd7 22. f4 e5 23. fxe5 Bxe5 24. Nxc6 Qxc6 25. Bh6 Rxf1+ 26. Rxf1 Rd8 27. Qe1 Bd4+ 28. Kh2 Bf6 29. g4 Qc7+ 30. Kg2 Qe5 31. g5 Qxe1 32. Rxe1 Bc3 33. Rxe7 Bxb4 34. Rg7+ Kh8 35. Rc7 Kg8 36. Bg7 Ba5 37. Ra7 d4 38. Bf6 Rd5 39. c6 d3 40. Bc3 d2 41. Bxd2 Rxd2+ 42. Kf3 Rc2 43. Rxa6 Bc7 44. Ke4 Kf7 45. Kd5 Rd2+ 46. Kc5 Ke6 47. Ra8 Rd5+ 48. Kb4 Rxg5 0-1

[Event "Cheliabinsk Panchenko Memorial op-A"]
[Site "Cheliabinsk"]
[Date "2023.09.18"]
[Round "8"]
[White "Yusupkhodzhaev, Vladimir"]
[Black "Krikunova, Olesya"]
[Result "1-0"]
[WhiteElo "2201"]
[BlackElo "1963"]
[PlyCount "71"]
[EventDate "2023.09.11"]
[EventType "swiss"]
[EventRounds "10"]
[EventCountry "RUS"]
[SourceTitle "CBM 216 Extra"]
[Source "ChessBase"]
[SourceDate "2023.11.30"]
[SourceVersion "1"]
[SourceVersionDate "2023.11.30"]
[SourceQuality "1"]

1. d4 Nf6 2. Nf3 e6 3. c4 d5 4. e3 Be7 5. b3 0-0 6. Bd3 c5 7. 0-0 Nc6 8. Bb2 b6 9. Nc3 cxd4 10. exd4 Bb7 11. Re1 Rc8 12. Rc1 dxc4 13. bxc4 Na5 14. Ne5 Kh8 15. Qe2 Bb4 16. Red1 Qe7 17. Qe3 Nc6 18. Ne2 Ba3 19. Bxa3 Qxa3 20. Qh3 Nb4 21. Nd7 Nxd3 22. Rxd3 Qb2 23. Nxf6 gxf6 24. Qh4 Rg8 25. Qxf6+ Rg7 26. Re1 Qb4 27. Red1 Kg8 28. Rg3 Rg6 29. Nf4 Rxg3 30. hxg3 Qxc4 31. Re1 Qxa2 32. Re5 Qc4 33. Rg5+ Kf8 34. Rg7 e5 35. Rxh7 Ke8 36. Qd6 1-0

[Event "Barnaul Kura Memorial"]
[Site "Barnaul"]
[Date "2023.02.26"]
[Round "7"]
[White "Lobanov, Mikhail"]
[Black "Yusupkhodzhaev, Vladimir"]
[Result "1/2-1/2"]
[WhiteElo "1664"]
[BlackElo "2111"]
[PlyCount "93"]
[EventDate "2023.02.25"]
[EventType "swiss (rapid)"]
[EventRounds "11"]
[EventCountry "RUS"]
[SourceTitle "CBM 213 Extra"]
[Source "ChessBase"]
[SourceDate "2023.05.31"]
[SourceVersion "1"]
[SourceVersionDate "2023.05.31"]
[SourceQuality "1"]

1. d4 d5 2. Nf3 Nf6 3. g3 c5 4. Bg2 cxd4 5. 0-0 e6 6. Nxd4 e5 7. Nb3 Be6 8. Bg5 Nbd7 9. e4 dxe4 10. Nc3 Be7 11. Nxe4 Nxe4 12. Bxe7 Qxe7 13. Bxe4 Rb8 14. Qf3 Nf6 15. Rfe1 0-0 16. Qc3 Nxe4 17. Rxe4 f6 18. Qc5 Qd7 19. Re2 b6 20. Qe3 Qc6 21. Nd4 exd4 22. Qxe6+ Qxe6 23. Rxe6 Rbc8 24. Re2 Rc4 25. b3 Rc3 26. Rd1 Rd8 27. Rdd2 Kf7 28. Kg2 d3 29. cxd3 Rdxd3 30. Rxd3 Rxd3 31. Rc2 Rd7 32. Rc6 Kg6 33. Rc2 Kf7 34. Rc6 Kg6 35. Rc2 Kf5 36. Re2 g5 37. h3 h5 38. b4 Rd4 39. Re7 a5 40. bxa5 bxa5 41. Re3 Ra4 42. a3 g4 43. hxg4+ hxg4 44. Rb3 Ke4 45. f3+ gxf3+ 46. Rxf3 Ke5 47. Rb3 1/2-1/2

[Event "Barnaul Kura Memorial"]
[Site "Barnaul"]
[Date "2023.02.25"]
[Round "6"]
[White "Yusupkhodzhaev, Vladimir"]
[Black "Sapozhnikov, Evgeny"]
[Result "1/2-1/2"]
[WhiteElo "2111"]
[BlackElo "1958"]
[PlyCount "125"]
[EventDate "2023.02.25"]
[EventType "swiss (rapid)"]
[EventRounds "11"]
[EventCountry "RUS"]
[SourceTitle "CBM 213 Extra"]
[Source "ChessBase"]
[SourceDate "2023.05.31"]
[SourceVersion "1"]
[SourceVersionDate "2023.05.31"]
[SourceQuality "1"]

1. d4 d5 2. c4 e6 3. Nf3 Nf6 4. g3 Be7 5. Bg2 0-0 6. 0-0 dxc4 7. Ne5 Nc6 8. Nc3 Nxd4 9. Nxc4 Rb8 10. Be3 Nf5 11. Bxa7 Ra8 12. Be3 Nxe3 13. Nxe3 c6 14. Qc2 Nd5 15. Nc4 Bf6 16. Ne4 Qe7 17. Nxf6+ Qxf6 18. e4 Nc7 19. Rfd1 Nb5 20. e5 Qe7 21. Nd6 Nc7 22. b4 Nd5 23. b5 Qc7 24. Bxd5 exd5 25. Rxd5 Be6 26. Rc5 Qe7 27. bxc6 bxc6 28. f4 Bd5 29. Nf5 Qe6 30. Ne3 Ra3 31. Nxd5 cxd5 32. Rc3 Qb6+ 33. Kg2 Ra6 34. Qb3 Qd4 35. Rf1 h5 36. Rd3 Qe4+ 37. Kg1 Rd8 38. Rfd1 h4 39. Rxd5 Rxd5 40. Qxd5 Qe3+ 41. Kh1 hxg3 42. Qd8+ Kh7 43. Qd3+ Qxd3 44. Rxd3 gxh2 45. a3 Ra4 46. Rf3 Kg6 47. f5+ Kg5 48. f6 gxf6 49. exf6 Rh4 50. Rf2 Rh6 51. a4 Rh8 52. Rxh2 Ra8 53. Ra2 Ra5 54. Kg2 Kxf6 55. Kf3 Kf5 56. Ke3 Ke5 57. Kd3 f5 58. Kc4 f4 59. Kb4 Ra8 60. a5 f3 61. a6 Kd5 62. a7 Kc6 63. Rf2 1/2-1/2

[Event "Cheliabinsk Panchenko Memorial op-A"]
[Site "Cheliabinsk"]
[Date "2020.09.13"]
[Round "7"]
[White "Yusupkhodzhaev, Vladimir"]
[Black "Pogorelskikh, Sofia"]
[Result "1/2-1/2"]
[WhiteElo "1958"]
[BlackElo "2255"]
[PlyCount "74"]
[EventDate "2020.09.07"]
[EventType "swiss"]
[EventRounds "9"]
[EventCountry "RUS"]
[SourceTitle "CBM 198 Extra"]
[Source "ChessBase"]
[SourceDate "2020.11.30"]
[SourceVersion "1"]
[SourceVersionDate "2020.11.30"]
[SourceQuality "1"]

1. e4 c5 2. Nf3 d6 3. d4 cxd4 4. Nxd4 Nf6 5. Nc3 a6 6. h3 e5 7. Nde2 h5 8. Bg5 Be6 9. Nc1 Be7 10. Be2 Nbd7 11. Nb3 g6 12. 0-0 Nb6 13. f4 exf4 14. Rxf4 Nfd7 15. Bxe7 Qxe7 16. Qd4 0-0 17. Rd1 Qg5 18. Rf3 Rad8 19. Qxd6 Nc4 20. Qf4 Qxf4 21. Rxf4 Nxb2 22. Rb1 Rc8 23. Rxb2 Rxc3 24. Nd4 Nc5 25. Rf3 Rxf3 26. Bxf3 Bc4 27. Be2 Rd8 28. Bxc4 Rxd4 29. Bd5 b5 30. c3 Rd1+ 31. Kh2 Nd3 32. Rc2 h4 33. c4 Nf4 34. g3 Nxd5 35. cxd5 Rd4 36. Re2 hxg3+ 37. Kxg3 Kg7 1/2-1/2

[Event "Cheliabinsk Panchenko Memorial op-A"]
[Site "Cheliabinsk"]
[Date "2020.09.11"]
[Round "5"]
[White "Yusupkhodzhaev, Vladimir"]
[Black "Dolsonov, Ayusha"]
[Result "1/2-1/2"]
[WhiteElo "1958"]
[BlackElo "2244"]
[PlyCount "75"]
[EventDate "2020.09.07"]
[EventType "swiss"]
[EventRounds "9"]
[EventCountry "RUS"]
[SourceTitle "CBM 198 Extra"]
[Source "ChessBase"]
[SourceDate "2020.11.30"]
[SourceVersion "1"]
[SourceVersionDate "2020.11.30"]
[SourceQuality "1"]

1. e4 c5 2. Nf3 d6 3. d4 cxd4 4. Nxd4 Nf6 5. Nc3 a6 6. h3 e5 7. Nde2 h5 8. Bg5 Be6 9. Nc1 Nbd7 10. Nb3 Be7 11. Be2 Rc8 12. 0-0 b5 13. a3 g6 14. Qe1 Qb6 15. Rd1 0-0 16. Kh1 Kg7 17. f4 Ng8 18. Bxe7 Nxe7 19. f5 Bxb3 20. cxb3 Nf6 21. Qd2 Rcd8 22. Qg5 Neg8 23. g4 hxg4 24. hxg4 Ne7 25. Kg2 d5 26. fxg6 Nxg6 27. exd5 Nh7 28. Qh5 Qe3 29. Bd3 Nf6 30. Rxf6 Kxf6 31. Rf1+ Nf4+ 32. Rxf4+ Qxf4 33. Qh4+ Kg7 34. Qh7+ Kf6 35. Qh4+ Kg7 36. Qh7+ Kf6 37. Qh4+ Kg7 38. Qh7+ 1/2-1/2

[Event "RUS Cup U13 final"]
[Site "Bryansk"]
[Date "2019.01.07"]
[Round "4"]
[White "Yusupkhodzhaev, Vladimir"]
[Black "Rakitin, Daniil"]
[Result "1-0"]
[WhiteElo "1849"]
[BlackElo "1625"]
[PlyCount "107"]
[EventDate "2019.01.04"]
[EventType "tourn"]
[EventRounds "7"]
[EventCountry "RUS"]
[SourceTitle "CBM 189 Extra"]
[Source "ChessBase"]
[SourceDate "2019.05.31"]
[SourceVersion "1"]
[SourceVersionDate "2019.05.31"]
[SourceQuality "1"]

1. e4 e6 2. d4 d5 3. Nd2 dxe4 4. Nxe4 Nd7 5. g3 Ngf6 6. Nxf6+ Nxf6 7. Bg2 Bd6 8. Nf3 0-0 9. 0-0 Re8 10. c4 c6 11. Qe2 Nd7 12. Rd1 Qe7 13. Qc2 Nf8 14. b3 Ba3 15. Bg5 f6 16. Bd2 Bd6 17. Bc3 Qf7 18. Re1 Bd7 19. b4 Ng6 20. h4 h6 21. Rad1 Rad8 22. Qb2 Bb8 23. c5 Bc8 24. Rc1 Ne7 25. b5 cxb5 26. Qxb5 Nd5 27. Ba5 Bc7 28. Bxc7 Qxc7 29. Nd2 Bd7 30. Qb3 Bc6 31. Nc4 Rd7 32. Bh3 Kf7 33. Qd1 Qd8 34. Qh5+ Kf8 35. Bxe6 Rxe6 36. Rxe6 Nc7 37. Rd6 Nb5 38. d5 Bxd5 39. Qxd5 Nxd6 40. cxd6 g6 41. Re1 a6 42. Re6 b5 43. Ne3 h5 44. Ng2 Rg7 45. Nf4 Qd7 46. Qa8+ Kf7 47. Re7+ Qxe7 48. dxe7 Kxe7 49. Qb7+ Kd6 50. Qxg7 Kc5 51. Qxg6 Kb4 52. Qxf6 Ka5 53. Nd5 Ka4 54. Qxa6# 1-0